MARC

LEADER 00000nam0a2200000 4500
001 35111
005 20231030232615.0
010 |a 5256005650 
035 |a (RuTPU)RU\TPU\book\35531 
035 |a BOOK00002183 
090 |a 35111 
100 |a 20011210d1990 km y0rusy50 ca 
101 0 |a rus 
102 |a RU 
105 |a y z 000zy 
200 1 |a Физика полупроводниковых приборов  |f И. М. Викулин, В. И. Стафеев 
205 |a 2-изд., перераб. и доп. 
210 |a Москва  |c Радио и связь  |d 1990 
215 |a 264 с. 
451 1 |0 (RuTPU)RU\TPU\book\35534  |t Физика полупроводниковых приборов  |f И. М. Викулин, В. И. Стафеев  |c М.  |n Советское радио  |d 1980  |p 294 с.  |a Викулин, Иван Михайлович 
610 1 |a электроника 
610 1 |a физика 
610 1 |a физические основы 
610 1 |a полупроводниковые приборы 
610 1 |a параметры 
610 1 |a теория 
610 1 |a гетеропереходы 
610 1 |a сверхпроводящие контакты 
610 1 |a радиация 
675 |a 621.382:53  |v 3 
700 1 |a Викулин  |b И. М.  |g Иван Михайлович 
701 1 |a Стафеев  |b В. И.  |g Виталий Иванович 
801 0 |a RU  |b 63413507  |c 20011210  |g PSBO 
801 2 |a RU  |b 63413507  |c 20121013  |g PSBO 
900 |a Физические основы электроники 
900 |a Твердотельная электроника 
942 |c BK